| Tag |
First Indicator |
Second Indicator |
Subfields |
| LEADER |
00000cam a2200000 4500 |
| 001 |
in00001965645 |
| 006 |
m | d | |
| 007 |
cr |n||||||||n |
| 008 |
791208s1725 enk|||| s 00||||eng d |
| 005 |
20260413210209.9 |
| 035 |
|
|
|a (CStRLIN)ESTCT83083
|
| 040 |
|
|
|a Uk-ES
|c Uk-ES
|d Cu-RivES
|d CStRLIN
|d Thomson Gale
|d UtOrBLW
|
| 100 |
1 |
|
|a Watts, Isaac,
|d 1674-1748.
|
| 245 |
1 |
0 |
|a Sermons on various subjects :
|b viz. I. II. III. The inward witness of Christianity. ... Together with a sacred hymn annexed to each subject. By I. Watts.
|
| 250 |
|
|
|a The third edition.
|
| 264 |
|
3 |
|a London :
|b printed for John Clark and Richard Hett; Eman. Matthews; and Richard Ford,
|c 1725.
|
| 300 |
|
|
|a xii,456p. ;
|c 12⁰.
|
| 336 |
|
|
|a text
|b txt
|2 rdacontent
|
| 337 |
|
|
|a computer
|b c
|2 rdamedia
|
| 338 |
|
|
|a online resource
|b cr
|2 rdacarrier
|
| 500 |
|
|
|a The first volume only.
|
| 500 |
|
|
|a Reproduction of original from the British Library.
|
| 510 |
4 |
|
|a English Short Title Catalog,
|c ESTCT83083.
|
| 533 |
|
|
|a Electronic reproduction.
|b Farmington Hills, Mich. :
|c Thomson Gale,
|d 2003.
|n Available via the World Wide Web.
|n Access limited by licensing agreements
|7 s2003 miunns
|
| 500 |
|
|
|a Electronic resource.
|
| 830 |
|
0 |
|a Eighteenth century collections online.
|
| 856 |
4 |
0 |
|u http://proxy.library.tamu.edu/login?url=https://galenet.galegroup.com/servlet/ECCO?c=1&stp=Author&ste=11&af=BN&ae=T083083&tiPG=1&dd=0&dc=flc&docNum=CW121939999&vrsn=1.0&srchtp=a&d4=0.33&n=10&SU=0LRF&locID=txshracd2898
|z Full text online
|t 0
|
| 999 |
|
|
|a MARS
|
| 999 |
f |
f |
|s 9bd3aaa8-7d5c-3bfa-a863-413989178fe8
|i 7b89e696-9192-34bd-9941-872e986a9942
|t 0
|
| 952 |
f |
f |
|a Texas A&M University
|b College Station
|c Electronic Resources
|s www_evans
|d Available Online
|t 0
|h No information provided
|
| 998 |
f |
f |
|t 0
|l Available Online
|